[Event "Internationaux de France BLITZ"]
[Site "Saint Maur des Fosses, France"]
[Date "2024.06.16"]
[Round "7.8"]
[White "Carpentier, Pierre"]
[Black "Guliyev, Namig"]
[Result "0-1"]
[WhiteElo "2197"]
[BlackElo "2486"]
[PlyCount "68"]
[EventDate "2024.??.??"]

1. d4 {1081} d5 {2} 2. Bf4 {1} c5 {1} 3. Nc3 {6} Nf6 {11} 4. e3 {4} a6 {55} 5.
Nf3 {7} Nc6 {9} 6. Ne5 {58} cxd4 {8} 7. exd4 {22} Qb6 {7} 8. Nxc6 {6} bxc6 {4}
9. Na4 {25} Qa7 {2} 10. c3 {6} Bf5 {14} 11. Bd3 {3} Bxd3 {2} 12. Qxd3 {1} e6 {2
} 13. O-O {14} Be7 {1} 14. b4 {13} a5 {6} 15. a3 {20} O-O {4} 16. Nc5 {6} Nd7 {
8} 17. Rae1 {28} axb4 {17} 18. axb4 {1} Bxc5 {2} 19. bxc5 {5} Qa2 {6} 20. Re3 {
8} Rfe8 {12} 21. Rh3 {5} Nf8 {6} 22. Bd6 {2} Ng6 {1} 23. Qf3 {8} Qc2 {2} 24.
Qh5 {5} h6 {2} 25. Rg3 {11} Ra3 {16} 26. Qf3 {30} Rea8 {11} 27. h4 {3} Nxh4 {28
} 28. Qg4 {50} Ng6 {36} 29. Qh3 {4} Ra1 {10} 30. Rxa1 {10} Rxa1+ {1} 31. Kh2
Qxf2 {15} 32. Rxg6 {13} Qg1+ {1} 33. Kg3 {2} Qe1+ {2} 34. Kh2 {2} fxg6 {2} 0-1

[Event "Internationaux de France BLITZ"]
[Site "Saint Maur des Fosses, France"]
[Date "2024.06.16"]
[Round "8.1"]
[White "Bellahcene, Bilel"]
[Black "Moussard, Jules"]
[Result "1/2-1/2"]
[WhiteElo "2544"]
[BlackElo "2610"]
[PlyCount "122"]
[EventDate "2024.??.??"]

1. e4 {1} c5 {4} 2. Nf3 e6 {1} 3. d4 {1} cxd4 4. Nxd4 Nc6 5. Nc3 Qc7 {1} 6. Be3
a6 {1} 7. a3 {2} b5 {7} 8. Nxc6 {8} dxc6 {5} 9. Qf3 {11} e5 {9} 10. Qg3 {15} h5
{1} 11. f4 {13} h4 {4} 12. Qf2 {5} Nf6 {6} 13. Be2 exf4 {65} 14. Bxf4 {2} Bd6 {
5} 15. Bxd6 {25} Qxd6 {1} 16. Rd1 {40} Qe5 {13} 17. O-O {3} Be6 {4} 18. h3 {19}
Ke7 {122} 19. Qb6 {46} Rhc8 {8} 20. Qf2 {28} a5 {21} 21. Qxh4 {10} b4 {10} 22.
Na4 {1} Rd8 {4} 23. Bd3 {13} Rd4 {6} 24. axb4 {28} axb4 {2} 25. b3 Rad8 {12}
26. Rde1 {8} g5 {24} 27. Qf2 {5} g4 {14} 28. hxg4 {25} Nxg4 {6} 29. Qh4+ Kd7 {2
} 30. Nb6+ {32} Kc7 {1} 31. Nc4 {6} Rxc4 {1} 32. Bxc4 {15} Qd4+ {28} 33. Rf2 {2
} Nxf2 {7} 34. Qxf2 {3} Bxc4 35. bxc4 {4} Qxf2+ {3} 36. Kxf2 Rd4 {1} 37. Ke3 {5
} Rxc4 38. Re2 Kd6 {1} 39. Rf2 Rc3+ {2} 40. Kd2 {1} Ke6 {5} 41. Rf3 {13} Rc4 {2
} 42. Kd3 {2} Rc3+ 43. Kd2 Rc5 44. Rb3 {8} Rb5 {6} 45. Rf3 Rg5 {2} 46. g3 {2}
f6 {4} 47. Rb3 {5} c5 {1} 48. Rf3 {3} Ke5 {11} 49. Kd3 {1} Rg6 {4} 50. Rf5+ {5}
Kd6 {1} 51. Kc4 {2} Rxg3 {1} 52. Rxf6+ {1} Ke5 {2} 53. Rf5+ {1} Kxe4 {5} 54.
Rxc5 Rg8 {6} 55. Kxb4 {19} Kd4 56. c3+ {1} Kd3 57. Rd5+ {1} Ke4 58. Rd4+ {6}
Ke5 59. Rd7 {21} Ke6 {6} 60. Rb7 {1} Kd6 {1} 61. c4 {1} Kc6 {1} 1/2-1/2

[Event "Internationaux de France BLITZ"]
[Site "Saint Maur des Fosses, France"]
[Date "2024.06.16"]
[Round "8.2"]
[White "Fressinet, Laurent"]
[Black "Lagarde, Maxime"]
[Result "1-0"]
[WhiteElo "2633"]
[BlackElo "2604"]
[PlyCount "67"]
[EventDate "2024.??.??"]

1. d4 {5} f5 {6} 2. Nc3 {3} Nf6 {2} 3. Bg5 {3} d5 {2} 4. e3 {1} e6 {5} 5. Nf3 {
4} Nbd7 {4} 6. Bd3 {11} c5 {20} 7. O-O {26} c4 {7} 8. Be2 {1} Bb4 {4} 9. Nb1 {
28} O-O 10. b3 {10} cxb3 {11} 11. axb3 {6} h6 {6} 12. Bxf6 {31} Qxf6 {13} 13.
c3 {5} Bd6 {3} 14. c4 {2} dxc4 {17} 15. bxc4 {6} e5 {11} 16. Nc3 {15} e4 {2}
17. Nd2 {7} Kh8 {57} 18. g3 {32} b6 {21} 19. Qb3 {17} a5 {19} 20. Nd5 {38} Qd8
21. Rfb1 {12} Ba6 {17} 22. Bf1 {13} Rb8 {4} 23. Qa4 {3} Nf6 {35} 24. Rxb6 {27}
Rxb6 {11} 25. Nxb6 {1} Bb4 26. c5 {7} Bxd2 {30} 27. Bxa6 {1} f4 {1} 28. Nc4 {31
} fxe3 {9} 29. fxe3 Bc3 {7} 30. Ne5 Kh7 {21} 31. Rf1 {2} Nd5 {11} 32. Qc2 {8}
Rxf1+ {6} 33. Bxf1 {2} Kg8 {12} 34. Bc4 {10} 1-0

[Event "Internationaux de France BLITZ"]
[Site "Saint Maur des Fosses, France"]
[Date "2024.06.16"]
[Round "8.3"]
[White "David, Alberto"]
[Black "Dardha, Daniel"]
[Result "0-1"]
[WhiteElo "2502"]
[BlackElo "2649"]
[PlyCount "120"]
[EventDate "2024.??.??"]

1. e4 {1} c5 {3} 2. Nf3 {1} Nc6 {1} 3. Bb5 {1} e6 {1} 4. Bxc6 {2} bxc6 {2} 5.
b3 {2} f6 {6} 6. d3 {1} Ne7 {4} 7. Nh4 {9} d5 {23} 8. O-O {13} e5 {5} 9. f4 {5}
dxe4 {13} 10. dxe4 {29} Qxd1 {10} 11. Rxd1 {1} exf4 {2} 12. Na3 {11} Be6 {46}
13. Nf3 {47} Ng6 {5} 14. Bb2 {5} Rb8 {16} 15. Kh1 {86} c4 {58} 16. Nd4 {3} c3 {
2} 17. Bc1 {25} Rd8 {27} 18. Rd3 {8} Bg4 {26} 19. Nxc6 {23} Rxd3 {2} 20. cxd3
Kd7 {20} 21. Nd4 {10} Ne5 {5} 22. h3 {6} Bh5 {5} 23. Nab5 {12} Bc5 {40} 24. Nf5
{1} Nxd3 {28} 25. Nxc3 {2} g6 {11} 26. Nd5 {2} Nf2+ {12} 27. Kh2 {2} Nxe4 {2}
28. Nxf4 {10} gxf5 {6} 29. Nxh5 Bd4 30. Rb1 {3} Rc8 {3} 31. Bb2 {6} Be5+ {5}
32. Bxe5 {4} fxe5 33. Rf1 Nd6 {7} 34. Rf2 {14} e4 {3} 35. Nf4 {4} Rc5 {4} 36.
Rd2 {3} Ke7 {1} 37. Kg3 {25} Nf7 {5} 38. Nd5+ {6} Ke6 {1} 39. Ne3 {3} Ne5 {6}
40. Rc2 {14} Ra5 {3} 41. a4 {5} Ng6 {2} 42. Kf2 {1} f4 {2} 43. Nc4 Rg5 {1} 44.
Re2 {2} e3+ {5} 45. Kf1 {2} Rd5 {3} 46. g3 {6} Rd1+ {1} 47. Kg2 {1} Kf5 {7} 48.
Rxe3 {5} Rb1 {4} 49. gxf4 {8} Nxf4+ {3} 50. Kf3 {2} Rf1+ {1} 51. Kg3 Nh5+ {5}
52. Kg2 Rb1 {1} 53. Re5+ Kg6 54. Rb5 Rc1 {6} 55. Ne5+ {2} Kh6 {3} 56. Kf3 {3}
Rc3+ {4} 57. Kg4 Nf6+ {3} 58. Kf5 Ne8 {4} 59. Ng4+ {2} Kh5 {4} 60. Rb7 {2} Nd6+
{1} 0-1

[Event "Internationaux de France BLITZ"]
[Site "Saint Maur des Fosses, France"]
[Date "2024.06.16"]
[Round "8.4"]
[White "Yuffa, Daniil"]
[Black "Materia, Marco"]
[Result "1/2-1/2"]
[WhiteElo "2609"]
[BlackElo "2453"]
[PlyCount "210"]
[EventDate "2024.??.??"]

1. c4 {13} Nf6 {1} 2. Nf3 {2} e6 {2} 3. g3 {2} d5 {1} 4. Bg2 {1} Be7 5. O-O {3}
O-O {1} 6. b3 {1} b6 {1} 7. Bb2 {5} Bb7 {5} 8. cxd5 {4} exd5 {4} 9. e3 {7} Nbd7
{10} 10. Nc3 {2} Re8 {7} 11. Ne2 {3} Ne4 {13} 12. d3 {2} Bf6 {6} 13. Nfd4 {25}
Nd6 {28} 14. Rb1 {12} c5 15. Nf3 {1} Bxb2 {2} 16. Rxb2 {1} Qf6 {7} 17. Rc2 {4}
d4 {27} 18. e4 {14} Rac8 {31} 19. Nd2 {2} Qe7 {25} 20. f4 {7} f5 {26} 21. e5 {2
} Bxg2 {1} 22. Kxg2 {1} Nf8 {4} 23. Nf3 {36} Nb5 {5} 24. Qc1 {12} Qb7 {9} 25.
Kg1 {13} Ne6 {2} 26. Nd2 {15} Nec7 {28} 27. a4 {3} Nc3 {5} 28. Nxc3 {1} dxc3 {1
} 29. Nc4 Qd5 {15} 30. Rxc3 {32} Qd4+ {2} 31. Rf2 {2} Nd5 {4} 32. Rcc2 {2} Nb4
{9} 33. Rcd2 {7} Rcd8 {2} 34. Nd6 {20} Rxd6 {25} 35. exd6 {1} Nxd3 {17} 36. Qd1
{100} Re3 {1} 37. Rde2 {13} Kf7 {20} 38. d7 {8} Rxe2 {30} 39. Qxe2 {2} Qxd7 {1}
40. Rf3 {6} Qd4+ {1} 41. Kg2 Nb4 {11} 42. Qc4+ {3} Qxc4 {19} 43. bxc4 Nc6 {1}
44. Kf2 {6} Ke6 {6} 45. Ke3 {6} g6 {4} 46. Rf1 {2} Kd7 {3} 47. Rd1+ {1} Nd4 {2}
48. h3 {5} h5 {1} 49. Kd3 {4} Nc6 {5} 50. Rg1 {2} Ke6 {2} 51. g4 {5} fxg4 {2}
52. hxg4 hxg4 {1} 53. Rxg4 Kf5 {1} 54. Rh4 {7} Nb4+ {4} 55. Kd2 {8} a6 {8} 56.
Rh7 {5} Kxf4 {2} 57. Rb7 {1} Ke4 {4} 58. Rxb6 {2} Kd4 59. Rxg6 {8} Kxc4 {2} 60.
Rg3 {2} Nc6 {10} 61. Rg6 {8} Nb4 62. Rg5 {9} Kb3 {4} 63. Rxc5 {1} Kxa4 {3} 64.
Kc3 Na2+ {3} 65. Kc4 Ka3 66. Ra5+ {2} Kb2 67. Rxa6 {1} Nc1 {2} 68. Rh6 {2} Kc2
{1} 69. Rh2+ {1} Kd1 70. Kc3 {4} Ne2+ {2} 71. Kd3 Nc1+ 72. Ke3 {1} Nb3 {1} 73.
Rb2 {2} Nc1 74. Rd2+ {6} Ke1 75. Rd8 {4} Ne2 {3} 76. Rh8 {11} Ng1 {2} 77. Rh2 {
5} Kf1 78. Rb2 {2} Nh3 {1} 79. Rh2 {4} Ng1 {1} 80. Rf2+ {1} Ke1 81. Rg2 {8} Kf1
82. Rh2 {2} Ke1 {2} 83. Rf2 {2} Nh3 {4} 84. Ra2 {7} Kf1 {3} 85. Rh2 {3} Ng1 86.
Rf2+ {1} Ke1 87. Rg2 {5} Kf1 {2} 88. Rg7 Nh3 {2} 89. Kf3 {2} Ng1+ 90. Ke3 Nh3
91. Rg3 {1} Ng1 {1} 92. Rg5 {5} Nh3 {1} 93. Rg4 {3} Ng1 {2} 94. Rg3 {4} Ne2 {3}
95. Rf3+ {2} Ke1 96. Rf2 {2} Nc1 {3} 97. Rb2 {7} Kd1 {1} 98. Rh2 {6} Nb3 {2}
99. Kd3 {1} Nc1+ 100. Kc3 {2} Ne2+ {2} 101. Kd3 {2} Nc1+ 102. Ke3 Nb3 {1} 103.
Rb2 {4} Nc1 104. Rb8 {1} Kc2 {1} 105. Rc8+ {3} Kd1 {3} 1/2-1/2

[Event "Internationaux de France BLITZ"]
[Site "Saint Maur des Fosses, France"]
[Date "2024.06.16"]
[Round "8.5"]
[White "Guliyev, Namig"]
[Black "Mathieu, Phileas"]
[Result "1-0"]
[WhiteElo "2486"]
[BlackElo "2295"]
[PlyCount "143"]
[EventDate "2024.??.??"]

1. e4 {468} c5 {2} 2. Nf3 {1} e6 {2} 3. d4 {1} cxd4 {1} 4. Nxd4 {1} Nf6 5. Nc3
{2} Nc6 {1} 6. Ndb5 {6} Bc5 {4} 7. Bf4 {2} O-O {7} 8. Bc7 {2} Qe7 {11} 9. Bd6 {
2} Bxd6 {2} 10. Qxd6 {2} Qd8 {4} 11. O-O-O {3} Ne8 {63} 12. Qg3 {12} a6 {4} 13.
Nd6 {3} b5 {16} 14. Be2 {16} Qa5 {16} 15. a3 {24} b4 {22} 16. Nc4 {2} Qd8 {28}
17. axb4 {12} Nxb4 {3} 18. Rd2 {2} Bb7 {24} 19. Rhd1 {6} Nf6 {5} 20. Nd6 {3}
Qa5 {14} 21. Kb1 {9} Bc6 {1} 22. Nc4 {11} Qc5 {9} 23. Qd6 {6} Qxd6 {16} 24.
Nxd6 {2} Rab8 {13} 25. f4 {38} Ne8 {10} 26. Bf3 {26} Nxd6 {45} 27. Rxd6 {2} f6
28. Kc1 {36} Rb7 {5} 29. R1d4 {25} Kf7 {5} 30. e5 {14} Ke7 {9} 31. exf6+ {10}
Rxf6 {8} 32. b3 {37} Bxf3 {1} 33. gxf3 {2} Nc6 {1} 34. Rd3 {8} Rxf4 {2} 35. Ne4
{2} Ne5 {5} 36. Rd1 {13} Rc7 {18} 37. Rxa6 {5} Rxf3 {4} 38. Kb1 {7} Re3 {4} 39.
Nd6 {2} Nf7 {14} 40. Nxf7 {6} Kxf7 {1} 41. Rd2 {4} g5 {4} 42. Rf2+ {3} Ke7 {1}
43. Ra8 {2} Rc5 {11} 44. Rg8 {3} Rh3 {5} 45. Rg7+ {2} Kd6 {7} 46. Rff7 {6} Rxh2
{6} 47. Rxd7+ {2} Kc6 {4} 48. Rc7+ {6} Kb6 {5} 49. Rb7+ {8} Kc6 {5} 50. Rbc7+ {
7} Kb6 {1} 51. Rxc5 {10} Kxc5 52. Rxg5+ {1} Kd4 {1} 53. Rg4+ {2} Kc5 {10} 54.
b4+ {2} Kb5 {2} 55. Kb2 {1} h5 {2} 56. Re4 {1} h4 {8} 57. Kb3 h3 {3} 58. Re5+ {
2} Kc6 59. Rxe6+ Kd5 {2} 60. Rh6 Rh1 61. c4+ {8} Kd4 {4} 62. Rh4+ {1} Ke5 {15}
63. Ka4 {2} h2 64. Kb5 Kd6 {2} 65. Rh6+ {1} Kc7 {1} 66. c5 {1} Kb7 {3} 67. Rh7+
{1} Kc8 {6} 68. Kc6 {2} Kd8 {3} 69. b5 {1} Rg1 {6} 70. Rh8+ {2} Ke7 71. Rxh2 {1
} Rb1 {1} 72. b6 {1} 1-0

[Event "Internationaux de France BLITZ"]
[Site "Saint Maur des Fosses, France"]
[Date "2024.06.16"]
[Round "8.6"]
[White "Charmeteau, Sven"]
[Black "Boyer, Mahel"]
[Result "0-1"]
[WhiteElo "2318"]
[BlackElo "2455"]
[PlyCount "62"]
[EventDate "2024.??.??"]

1. e4 {1} Nc6 2. Nf3 {2} d5 {1} 3. exd5 {2} Qxd5 {1} 4. Nc3 {3} Qh5 {1} 5. Be2
{8} Bg4 {2} 6. Ne4 {36} O-O-O {19} 7. h3 {2} Qg6 {35} 8. Ng3 {43} Bxf3 {3} 9.
Bxf3 {1} Nd4 {1} 10. d3 {81} Nxf3+ {12} 11. Qxf3 {2} Nf6 {12} 12. Bd2 {45} e6 {
17} 13. O-O-O {4} h5 {7} 14. Ne4 {12} h4 {3} 15. Nxf6 {36} gxf6 {1} 16. g4 {8}
hxg3 {8} 17. fxg3 {1} f5 {5} 18. g4 {14} fxg4 {37} 19. hxg4 Bd6 {12} 20. Bc3 {
25} Rhg8 {8} 21. Rdf1 {4} Rdf8 {5} 22. Rhg1 {30} f5 {23} 23. Qe3 {1} fxg4 {56}
24. Rxf8+ {1} Rxf8 {23} 25. Qxa7 {1} Qg5+ {16} 26. Bd2 {14} Qd5 27. Qa8+ {3}
Kd7 28. Qa4+ {1} b5 {4} 29. Qxg4 {3} Qxa2 30. c3 {6} Rf2 {12} 31. Qh4 {4} Qa1+
{3} 0-1

[Event "Internationaux de France BLITZ"]
[Site "Saint Maur des Fosses, France"]
[Date "2024.06.16"]
[Round "8.7"]
[White "Hejazipour, Mitra"]
[Black "Sebag, Marie"]
[Result "0-1"]
[WhiteElo "2358"]
[BlackElo "2441"]
[PlyCount "101"]
[EventDate "2024.??.??"]

1. d4 {2} d5 {2} 2. c4 {1} c6 3. Nf3 {2} Nf6 {2} 4. g3 {8} Bf5 {3} 5. Nc3 {7}
e6 {4} 6. Nh4 {6} Bg6 {24} 7. Nxg6 {6} hxg6 {1} 8. Qb3 {31} Qb6 {3} 9. c5 {9}
Qc7 {32} 10. Bf4 {5} Qc8 11. Bg2 {33} Nbd7 {2} 12. Qc2 {30} Be7 {7} 13. b4 {14}
Bd8 {15} 14. O-O {10} Bc7 {1} 15. Qd2 {16} e5 {26} 16. dxe5 {2} Nxe5 17. e4 {41
} dxe4 {18} 18. Rae1 {31} O-O {110} 19. Nxe4 {30} Nxe4 {41} 20. Rxe4 {1} Rd8 {
10} 21. Qe2 {12} f6 {18} 22. Bxe5 {13} Bxe5 {1} 23. Qc4+ {12} Kf8 24. f4 {10}
Bc7 {6} 25. Rfe1 {5} Qd7 {5} 26. h4 {15} Re8 {5} 27. Kh2 {7} Rxe4 {4} 28. Qxe4
{3} Re8 29. Qxe8+ {8} Qxe8 30. Rxe8+ {3} Kxe8 31. Be4 {6} f5 {2} 32. Bf3 {4}
Bd8 {4} 33. Kg2 {9} Bf6 {1} 34. Kf2 {2} Bc3 {3} 35. a3 {4} Bb2 36. b5 {5} Bxa3
{10} 37. bxc6 {2} Bxc5+ {1} 38. Ke2 bxc6 {1} 39. Bxc6+ Ke7 40. Bf3 {7} Kd6 {2}
41. h5 {4} gxh5 {4} 42. Bxh5 a5 {3} 43. Bf7 {6} a4 {4} 44. Kf3 {4} a3 {13} 45.
g4 {1} fxg4+ {3} 46. Kxg4 Be3 {16} 47. Kf3 {4} Bc1 {1} 48. Ke4 {6} Kc5 {2} 49.
f5 {2} Kd6 {11} 50. Bg8 {2} Ke7 {2} 51. Ke5 {8} 0-1

[Event "Internationaux de France BLITZ"]
[Site "Saint Maur des Fosses, France"]
[Date "2024.06.16"]
[Round "8.8"]
[White "Travadon, Loic"]
[Black "Pichon, Ewen"]
[Result "1-0"]
[WhiteElo "2445"]
[BlackElo "2290"]
[PlyCount "105"]
[EventDate "2024.??.??"]

1. e4 {3} e5 {2} 2. Nf3 {5} Nc6 {1} 3. Nc3 {2} Nf6 {1} 4. Bb5 {6} Bd6 {17} 5.
d3 {3} h6 {4} 6. a3 {4} a6 {5} 7. Bc4 {3} Bc5 {23} 8. Be3 {5} Bxe3 {8} 9. fxe3
{1} d6 {1} 10. O-O {2} Be6 {20} 11. Nh4 {14} Bxc4 {5} 12. dxc4 {3} Ne7 {9} 13.
Nf5 {8} Nxf5 {2} 14. Rxf5 {3} Qd7 {7} 15. Qf3 {2} c6 {11} 16. Qg3 {18} Kf8 {71}
17. Raf1 {2} Qe6 {5} 18. c5 {6} Re8 {4} 19. cxd6 {11} Qxd6 {3} 20. Qh4 {10} Re6
{6} 21. Rd1 {2} Qe7 {13} 22. Rf2 {24} g6 {27} 23. Rdf1 {12} Kg7 {1} 24. Ne2 {5}
g5 {6} 25. Qh3 {7} Nxe4 {21} 26. Rf3 {17} Rf8 {22} 27. Rf5 {44} Rg6 {18} 28.
Qg4 {6} Nf6 {19} 29. Qh3 {3} Ne4 30. g4 {8} Nd6 {14} 31. Ng3 {1} Re8 {17} 32.
Rf6 {4} Qxf6 {4} 33. Nh5+ {1} Kh8 {4} 34. Rxf6 {9} Rd8 {7} 35. Rxg6 {6} fxg6 {2
} 36. Ng3 {9} Kg7 37. Qf1 {4} b5 {14} 38. Qd3 {3} Nf7 {9} 39. Qe2 {8} Nd6 {2}
40. Qd3 {1} Nf7 41. Qc3 Rd1+ {3} 42. Kg2 {2} Rd6 {3} 43. Ne4 {2} Re6 {2} 44.
Qb3 {3} Re7 {2} 45. Qc3 {2} Re6 {2} 46. Nc5 {1} Rd6 {4} 47. Nxa6 {3} h5 48. Nb4
{10} hxg4 {11} 49. Nxc6 {3} Kf6 {2} 50. Na7 {12} Rd5 {4} 51. Qc6+ {5} Rd6 {1}
52. Qc3 {2} Rd5 {2} 53. Nxb5 {4} 1-0

[Event "Internationaux de France BLITZ"]
[Site "Saint Maur des Fosses, France"]
[Date "2024.06.16"]
[Round "9.1"]
[White "Dardha, Daniel"]
[Black "Bellahcene, Bilel"]
[Result "0-1"]
[WhiteElo "2649"]
[BlackElo "2544"]
[PlyCount "88"]
[EventDate "2024.??.??"]

1. c4 {3} e6 {2} 2. Nf3 {2} Nf6 {2} 3. Nc3 {3} Bb4 4. g4 {2} O-O {4} 5. g5 {2}
Ne8 {2} 6. h4 {2} d5 7. a3 {6} Be7 {20} 8. d4 {2} dxc4 {43} 9. h5 {32} c5 {8}
10. g6 {33} cxd4 {13} 11. Qxd4 {25} Qxd4 {21} 12. gxf7+ {31} Rxf7 {2} 13. Nxd4
{1} e5 {20} 14. Nf3 {35} Nc6 {1} 15. Be3 {10} Nd6 {38} 16. Rg1 {17} Nf5 {8} 17.
Bg5 {37} Nfd4 {12} 18. Nxd4 {60} exd4 {16} 19. Nd5 {1} Bxg5 {8} 20. Rxg5 h6 {1}
21. Rg3 {1} Be6 {8} 22. e4 {1} Bxd5 {33} 23. exd5 {1} Re8+ 24. Kd1 {10} Na5 {10
} 25. d6 {23} Rxf2 {9} 26. Rg1 {15} d3 {35} 27. d7 {10} Rd8 28. Bh3 {3} Nb3 29.
Be6+ {6} Kf8 {8} 30. Bxc4 {9} Nxa1 {6} 31. Be6 {3} Ke7 {2} 32. Bg4 {2} Nc2 {4}
33. Rg3 {3} Rf4 {8} 34. Bh3 {3} Nd4 {6} 35. Rxg7+ {4} Rf7 36. Rg4 {2} Rxd7 {2}
37. Re4+ {1} Kf6 {2} 38. Bxd7 {4} Rxd7 39. Rg4 {1} Nf5 {3} 40. Rg6+ {1} Ke5 {1}
41. Kd2 {1} a6 {7} 42. Rb6 {2} Ng3 {2} 43. Rxh6 {3} Ne4+ 44. Kd1 {2} d2 {1} 0-1

[Event "Internationaux de France BLITZ"]
[Site "Saint Maur des Fosses, France"]
[Date "2024.06.16"]
[Round "9.2"]
[White "Boyer, Mahel"]
[Black "Fressinet, Laurent"]
[Result "1-0"]
[WhiteElo "2455"]
[BlackElo "2633"]
[PlyCount "69"]
[EventDate "2024.??.??"]

1. Nf3 {16} d5 {3} 2. g3 {8} Nf6 {1} 3. Bg2 {2} e6 {1} 4. O-O {2} Be7 {1} 5. c4
{2} O-O {2} 6. d3 {1} c5 {9} 7. cxd5 {10} Nxd5 {11} 8. Nc3 {3} Nc6 {2} 9. Bd2 {
6} b6 {13} 10. Nxd5 {2} exd5 {3} 11. d4 {6} Nxd4 {58} 12. Nxd4 {3} cxd4 {2} 13.
Bf4 {19} Bf6 {9} 14. Rc1 {3} Ba6 {24} 15. Re1 {8} Re8 {18} 16. Rc6 {24} Rc8 {26
} 17. Qa4 {46} Rxc6 {36} 18. Qxc6 {1} Re6 {7} 19. Qa4 {15} Bxe2 {14} 20. Qxa7
d3 {25} 21. Qb7 {66} Re7 {62} 22. Qc6 {8} Re6 23. Qb7 {14} Bxb2 {4} 24. Bxd5 {1
} Re7 25. Qc6 Qe8 {20} 26. Bd2 {118} Bd4 {4} 27. Qc4 {2} Bc5 {3} 28. h4 {3} Qd7
{9} 29. Bg2 {2} Qd4 {3} 30. Qxd4 {5} Bxd4 {1} 31. Rc1 h6 {4} 32. a4 {3} Bg4 {7}
33. Rc4 Rd7 {2} 34. Be4 {7} Be6 {5} 35. Rc8+ {1} 1-0

[Event "Internationaux de France BLITZ"]
[Site "Saint Maur des Fosses, France"]
[Date "2024.06.16"]
[Round "9.3"]
[White "Moussard, Jules"]
[Black "Travadon, Loic"]
[Result "1/2-1/2"]
[WhiteElo "2610"]
[BlackElo "2445"]
[PlyCount "80"]
[EventDate "2024.??.??"]

1. e4 {4} c6 {11} 2. Nf3 {6} d5 {1} 3. d3 {1} g6 {4} 4. Nbd2 {10} Bg7 {2} 5. g3
{2} e5 {4} 6. Bg2 Ne7 {2} 7. O-O {2} O-O {7} 8. Re1 {2} d4 {2} 9. Nc4 {12} Qc7
{3} 10. a4 {2} c5 {3} 11. c3 {6} Nbc6 {19} 12. Bd2 {9} dxc3 {4} 13. bxc3 {2}
Rd8 {2} 14. Qc2 {3} h6 {2} 15. Be3 {51} b6 {7} 16. Nfd2 {13} Be6 {4} 17. Reb1 {
11} Nd4 {15} 18. Qd1 {3} Ndc6 {8} 19. Bf1 {15} Rab8 {23} 20. Rb2 {6} Nc8 {7}
21. Qb1 {10} Nd6 {27} 22. Nxd6 {2} Qxd6 {10} 23. Nc4 {4} Bxc4 {2} 24. dxc4 h5 {
12} 25. Qc1 {52} Kh7 {13} 26. Rd2 {3} Qf8 {4} 27. Rd5 {3} Ne7 {5} 28. Rxd8 {11}
Qxd8 {7} 29. a5 {2} Qc7 {10} 30. axb6 {7} axb6 {4} 31. Ra2 {16} Ng8 {6} 32. Rd2
{19} Bh6 {4} 33. Bxh6 {2} Nxh6 {2} 34. Qd1 Qc6 {50} 35. Rd5 {1} Kg7 {26} 36.
Rxe5 {45} Ng4 {7} 37. Rd5 Nf6 {1} 38. Rd8 {35} Rxd8 {5} 39. Qxd8 Nxe4 {4} 40.
Qd3 {4} Nf6 {11} 1/2-1/2

[Event "Internationaux de France BLITZ"]
[Site "Saint Maur des Fosses, France"]
[Date "2024.06.16"]
[Round "9.4"]
[White "Chabanon, Jean-Luc"]
[Black "Guliyev, Namig"]
[Result "1/2-1/2"]
[WhiteElo "2400"]
[BlackElo "2486"]
[PlyCount "101"]
[EventDate "2024.??.??"]

1. Nf3 d5 {2} 2. g3 Bg4 {2} 3. Bg2 {2} Nd7 {2} 4. O-O {15} c6 {2} 5. d3 {3}
Ngf6 {3} 6. Nbd2 {6} e5 {4} 7. e4 {2} dxe4 {4} 8. dxe4 {6} h6 {6} 9. h3 {27}
Be6 {2} 10. Qe2 {12} a5 {5} 11. a4 {11} Qc7 {6} 12. b3 {21} Bc5 {46} 13. Kh2 {
14} O-O {8} 14. Bb2 {31} Rfe8 {7} 15. Ne1 {9} Bd6 {18} 16. Nc4 {28} Bf8 {11}
17. Ne3 {19} Nc5 {8} 18. Nc4 {73} Nfd7 {10} 19. Nf3 {6} f6 {9} 20. Nh4 {2} Bf7
{6} 21. Ne3 {3} Kh7 {10} 22. Nhf5 {18} g6 {6} 23. Nh4 Ne6 {5} 24. Nf3 {7} Rad8
{11} 25. h4 {7} h5 {3} 26. Rad1 {8} Ndc5 {2} 27. Rxd8 {13} Rxd8 {1} 28. Nd1 {24
} Qd7 {19} 29. Bh3 {4} Qd6 {13} 30. Nc3 {5} Nd4 {11} 31. Nxd4 {1} exd4 {2} 32.
Rd1 {7} Qe7 {10} 33. Nb1 {5} d3 {21} 34. cxd3 {1} Bxb3 {2} 35. Rd2 {3} Nxa4 {2}
36. Ba1 {2} b5 {5} 37. Nc3 {1} Nxc3 {2} 38. Bxc3 {1} b4 {3} 39. Ba1 {1} c5 {3}
40. f4 {1} Bf7 {22} 41. e5 {2} f5 {2} 42. e6 {2} Qxe6 {4} 43. Qd1 {3} Bg7 {3}
44. Bxg7 {1} Kxg7 {2} 45. Qa1+ Qf6 {4} 46. Qxa5 b3 {12} 47. Qxc5 {3} b2 {7} 48.
Qb4 {2} Rd6 {62} 49. Qxb2 {3} Qxb2 {2} 50. Rxb2 {1} Rxd3 51. Bg2 {1} 1/2-1/2

[Event "Internationaux de France BLITZ"]
[Site "Saint Maur des Fosses, France"]
[Date "2024.06.16"]
[Round "9.5"]
[White "Materia, Marco"]
[Black "Vlachos, Anatole"]
[Result "1-0"]
[WhiteElo "2453"]
[BlackElo "2470"]
[PlyCount "155"]
[EventDate "2024.??.??"]

1. Nf3 {796} d5 2. e3 {1} Nf6 {2} 3. b3 e6 {10} 4. Bb2 Bd6 {12} 5. c4 {1} O-O {
6} 6. Be2 {2} Nc6 {30} 7. cxd5 {24} exd5 {4} 8. O-O {2} Re8 {5} 9. Nc3 {14} a6
10. d4 {12} Bg4 {26} 11. Rc1 {4} Qe7 {15} 12. h3 {5} Bh5 {2} 13. Ne1 {30} Bxe2
{8} 14. Nxe2 {1} Ne4 {5} 15. Nd3 {1} Qg5 {14} 16. Nef4 {9} Ne7 {1} 17. Ne5 {22}
c6 {12} 18. Rc2 {16} Nf5 {6} 19. Qg4 {18} h6 {17} 20. Re2 {21} Nf6 {12} 21.
Qxg5 {24} hxg5 {1} 22. Nfd3 {1} Ne4 {2} 23. Rc1 {20} f6 {2} 24. Nf3 {3} a5 {2}
25. a4 {2} Ra6 26. Nc5 {13} Rb6 {50} 27. Nxe4 {4} Rxe4 {7} 28. Bc3 {12} Bb4 {8}
29. Rec2 {9} Re8 {7} 30. Ne1 {3} Nd6 {10} 31. Bxb4 {12} Rxb4 {4} 32. Rb1 {4}
Rb6 {21} 33. Nd3 Kf7 {21} 34. g3 {3} Ne4 {6} 35. Kg2 {3} Ra8 {7} 36. f3 {13}
Nd6 37. Nc5 Re8 {9} 38. Rc3 {4} Ke7 {40} 39. Rh1 {6} Rh8 {2} 40. Re1 {21} Rd8 {
4} 41. e4 {21} dxe4 {1} 42. fxe4 {1} Ne8 {4} 43. Rc4 {25} Nc7 {25} 44. d5 {12}
Kf7 45. dxc6 {6} Rd2+ {7} 46. Kf3 {2} bxc6 {3} 47. Re3 {7} Ne6 {6} 48. Rec3 {4}
Nxc5 {2} 49. Rxc5 {1} Rb2 {4} 50. Rxa5 {5} R2xb3 {1} 51. Rac5 {1} R6b4 {6} 52.
a5 {6} Rxc3+ {1} 53. Rxc3 Ra4 54. Rc5 {3} Ke6 {1} 55. Rxc6+ Ke5 {7} 56. Rc5+ {2
} Kd4 57. Rd5+ {1} Kc4 58. Kg4 Ra3 {2} 59. h4 {3} gxh4 60. gxh4 {1} Re3 {2} 61.
Kf5 Rh3 {5} 62. a6 {2} Rxh4 {3} 63. a7 Rh8 64. Ra5 Ra8 65. Rd5 Rh8 66. Rd7 {2}
g5 {13} 67. Kxf6 {6} g4 68. e5 {2} g3 {5} 69. Rg7 {2} Ra8 {2} 70. e6 {3} Kd5 {5
} 71. Rxg3 {1} Rxa7 72. Rd3+ {2} Ke4 {2} 73. Rd1 {1} Ra6 {3} 74. Kf7 {1} Kf5 {1
} 75. Rf1+ {2} Ke5 76. Re1+ {2} Kf5 77. e7 Ra7 78. Kf8 {1} 1-0

[Event "Internationaux de France BLITZ"]
[Site "Saint Maur des Fosses, France"]
[Date "2024.06.16"]
[Round "9.6"]
[White "Sebag, Marie"]
[Black "Cotonnec, Melkior"]
[Result "1-0"]
[WhiteElo "2441"]
[BlackElo "2258"]
[PlyCount "57"]
[EventDate "2024.??.??"]

1. e4 {1} c6 {5} 2. d4 {5} d5 3. exd5 {4} cxd5 {1} 4. Bd3 {3} Nc6 {6} 5. c3 {1}
Qc7 {8} 6. h3 {11} Nf6 {7} 7. Nf3 {2} g6 {7} 8. O-O {3} Bf5 {11} 9. Re1 {15}
Bxd3 {17} 10. Qxd3 {2} Bg7 {1} 11. Ne5 {9} Nxe5 {65} 12. dxe5 {13} Nd7 {2} 13.
Qxd5 {30} e6 {37} 14. Qe4 {34} Bxe5 {3} 15. Qh4 {26} O-O {73} 16. Bh6 {4} Bg7 {
2} 17. Nd2 {7} Qd8 {62} 18. Bg5 {4} f6 {11} 19. Bh6 {8} e5 {6} 20. Ne4 {15} Qe7
{3} 21. Rad1 {9} Rad8 {5} 22. Rd6 {78} Bxh6 {24} 23. Qxh6 {3} f5 {2} 24. Ng5 {4
} Nf6 {3} 25. Re6 {16} Qg7 {13} 26. Qxg7+ {11} Kxg7 27. R6xe5 {7} Kh6 {12} 28.
Ne6 {2} Nd7 {1} 29. R5e2 {6} 1-0